| 000 | 00776nam a2200241 i 4500 | ||
|---|---|---|---|
| 001 | 22434 | ||
| 003 | ES-MaACL | ||
| 005 | 20250806062524.0 | ||
| 007 | t| | ||
| 008 | 021202s1971 sp ab 00110 spa d | ||
| 080 | _a726.1(32) | ||
| 100 | 1 |
_aAlmagro Basch, Martín. _920073 |
|
| 245 | 1 | 3 |
_aEl Templo de Debod / _cMartín Almagro. |
| 260 |
_aMadrid : _bInstituto de Estudios Madrileños, _c1971. |
||
| 300 |
_a88 p. : _bil., 1 mapa ; _c17 cm. |
||
| 490 | 1 |
_aColección Puerta de Alcalá ; _v2 |
|
| 610 | 2 | 4 |
_aTemplo de Debod (Madrid) _96936 |
| 651 |
_aMadrid- _xEdificios, estructuras, etc. _98959 |
||
| 710 | 2 |
_aInstituto de Estudios Madrileños _94916 |
|
| 830 | 1 |
_aColección Puerta de Alcalá ; _v2 _9180896 |
|
| 852 | 4 |
_aES-MaACL _jC-3763 |
|
| 999 |
_c22434 _d22434 |
||